Block me out - Gracie Abrams - Statistics

General Stats
  • This quiz has been taken 41 times
  • The average score is 332 of 366
Answer Stats
Hint Answer % Correct
a
100%
be
100%
I
100%
when
100%
but
96%
i'm
96%
in
96%
it
96%
i've
96%
around
93%
been
93%
block
93%
could
93%
crowd
93%
delicate
93%
do
93%
down
93%
else
93%
every
93%
feel
93%
feet
93%
fire
93%
gettin'
93%
happier
93%
head
93%
how
93%
let
93%
look
93%
lost
93%
make
93%
me
93%
mess
93%
my
93%
no
93%
not
93%
now
93%
Chorus Now
93%
of
93%
off
93%
one
93%
only
93%
out
93%
pretty
93%
see
93%
should
93%
that
93%
the
93%
there's
93%
think
93%
this
93%
tired
93%
to
93%
used
93%
wish
93%
Verse 3 Wish
93%
after
89%
alive
89%
all
89%
and
89%
Bridge | Chorus And
89%
become
89%
burnin'
89%
crier
89%
feelin'
89%
find
89%
ground
89%
Verse 1 I'll
89%
liar
89%
loud
89%
mouth
89%
nobody
89%
nothing's
89%
open
89%
quiet
89%
say
89%
sees
89%
so
89%
such
89%
ten
89%
thinkin'
89%
time
89%
too
89%
try
89%
turned
89%
way
89%
whatever
89%
why
89%
you
89%
couple
86%
desolate
86%
don't
86%
helpin'
86%
it's
86%
know
86%
months
86%
seem
86%
silence
86%
since
86%
something
86%
stuck
86%
they
86%
want
86%
follow
82%
gut
82%
just
82%
violent
82%
higher
79%
plus
79%
thinking
79%
body
75%
call
75%
'cause
75%
Chorus 'Cause
75%
couldn't
75%
drive
75%
fault
75%
floatin'
75%
found
75%
friends
75%
is
75%
leavin'
75%
none
75%
thought
75%
tonight
75%
were
75%
will
75%
heavier
71%
outside
71%
best
68%
funny
68%
haunt
68%
tryin'
68%
voice
68%
honestly
64%
kind
64%
left
64%
myself
64%
their
61%
until
61%
Mmm
18%
mmm
18%
No matching quizzes found
Score Distribution
Percent of People with Each Score
Percentile by Number Answered
Your Score History
You have not taken this quiz